La rurbanisation ou la ville éparpillée

Enregistré dans:
Détails bibliographiques
Auteur principal: Gérard Bauer
Format: Livre
Langue:Undetermined
Publié: Paris Seuil 1976
Sujets:
Tags: Ajouter un tag
Pas de tags, Soyez le premier à ajouter un tag!
Thư viện lưu trữ: Trung tâm Học liệu Trường Đại học Cần Thơ
LEADER 00525nam a2200193Ia 4500
001 CTU_69019
008 210402s9999 xx 000 0 und d
082 |a 307.12 
082 |b B344 
100 |a Gérard Bauer 
245 0 |a La rurbanisation ou la ville éparpillée 
245 0 |c Gérard Bauer 
260 |a Paris 
260 |b Seuil 
260 |c 1976 
650 |a community development,city planning 
650 |x developing countries 
904 |i Minh 
980 |a Trung tâm Học liệu Trường Đại học Cần Thơ